Global warming: its impact on India (Record no. 493783)
[ view plain ]
| 000 -LEADER | |
|---|---|
| fixed length control field | 00424cam a22001457a 4500 |
| 008 - FIXED-LENGTH DATA ELEMENTS--GENERAL INFORMATION | |
| fixed length control field | 180718b2008 xxu||||| |||| 00| 0 eng d |
| 082 ## - DEWEY DECIMAL CLASSIFICATION NUMBER | |
| Classification number | O91x54 Sh23g |
| 100 ## - MAIN ENTRY--PERSONAL NAME | |
| Personal name | Sharma, Vinod K. |
| 245 ## - TITLE STATEMENT | |
| Title | Global warming: its impact on India |
| Statement of responsibility, etc. | by Vinod K. Sharma |
| 260 ## - PUBLICATION, DISTRIBUTION, ETC. | |
| Place of publication, distribution, etc. | Delhi |
| Name of publisher, distributor, etc. | Indian Institute of Public Administration |
| Date of publication, distribution, etc. | 2008 |
| 300 ## - PHYSICAL DESCRIPTION | |
| Extent | 36p. |
| 650 ## - SUBJECT ADDED ENTRY--TOPICAL TERM | |
| Topical term or geographic name entry element | Atmospheric temperature |
| 650 ## - SUBJECT ADDED ENTRY--TOPICAL TERM | |
| Topical term or geographic name entry element | Global warming |
| 700 ## - ADDED ENTRY--PERSONAL NAME | |
| Personal name | . |
| Withdrawn status | Lost status | Damaged status | Not for loan | Permanent Location | Current Location | Date acquired | Full call number | Barcode | Date last seen | Price effective from | Koha item type |
|---|---|---|---|---|---|---|---|---|---|---|---|
| Indian Institute of Public Administration | Indian Institute of Public Administration | 2018-08-04 | O91x54 Sh23g | GR20608 | 2018-08-04 | 2018-08-04 | GR | ||||
| Indian Institute of Public Administration | Indian Institute of Public Administration | 2018-08-04 | O91x54 Sh23g | GR20154 | 2018-08-04 | 2018-08-04 | GR | ||||
| Indian Institute of Public Administration | Indian Institute of Public Administration | 2018-08-04 | O91x54 Sh23g | GR18289 | 2018-08-04 | 2018-08-04 | GR | ||||
| Indian Institute of Public Administration | Indian Institute of Public Administration | 2018-08-04 | O91x54 Sh23g | GR18288 | 2018-08-04 | 2018-08-04 | GR | ||||
| Indian Institute of Public Administration | Indian Institute of Public Administration | 2018-08-04 | O91x54 Sh23g | GR18287 | 2018-08-04 | 2018-08-04 | GR | ||||
| Indian Institute of Public Administration | Indian Institute of Public Administration | 2018-08-04 | O91x54 Sh23g | GR18286 | 2018-08-04 | 2018-08-04 | GR |
